000
00187nam a22000857a 4500
003
NUST
082
_a
621.3192,BOY
245
_a
Introductry Circuit Analysis /
_c
R.L Boylest
942
_2
ddc
_c
BK
999
_c
593191
_d
593191